000 00788nam a2200229 a 4500
001 39433
003 BD-RjUL
005 20230801105110.0
008 160411t201 bg ||||| |||| 00| 0 ben d
020 _a9847016400533
_c: Tk. 250.00
035 _a(BD-RjUL)39546
040 _aBD-RjUL
_beng
_cBD-RjUL
041 _aeng
082 _223
_a398
_bMOF 2015
100 _aমন্ডল, অনুপম হীরা .
_9121556
245 1 0 _aফোকলোর অনুষঙ্গ /
_cঅনুপম হীরা মন্ডল
260 _aঢাকা :
_bরাবেয়া বুকস,
_c২০১৫
300 _a২৩৯ পৃ. ;
_c২২ সেমি.
650 _aFolklore
_9121557
650 _aলোককাহিনী (ফোকলোর)
_98177
942 _2ddc
_cBK
999 _c39433
_d39433